[Event "OP-2012-0-02567"]
[Site "LSS email"]
[Date "2012.12.29"]
[Round "?"]
[White "Harris, Robert"]
[Black "Garcia, Javier N"]
[Result "0-1"]
[WhiteElo "800"]
[BlackElo "783"]
[PlyCount "48"]
[EventDate "2012.12.26"]
[EventType "tourn (corr)"]
[EventRounds "4"]
[EventCountry "GER"]
[SourceTitle "Telechess CBM 159"]
[Source "ChessBase"]
[SourceDate "2014.03.17"]
[SourceVersion "1"]
[SourceVersionDate "2014.03.17"]
[SourceQuality "1"]

1. e4 c5 2. Bc4 e6 3. Nf3 Nc6 4. 0-0 Nge7 5. d3 g6 6. Bf4 Bg7 7. Nc3 0-0 8. a4 e5 9. Bg5 Re8 10. b3 d6 11. Nd5 h6 12. Bh4 g5 13. Nxg5 Nxd5 14. Bxd5 hxg5 15. Bg3 Be6 16. Bc4 Bxc4 17. bxc4 Nd4 18. Qh5 Nxc2 19. Rac1 Nb4 20. Qxg5 Qxg5 21. f4 exf4 22. Bf2 Nxd3 23. a5 Nxc1 24. Rxc1 f3 0-1

[Event "OP-2012-0-02549"]
[Site "LSS email"]
[Date "2012.12.19"]
[Round "?"]
[White "Harris, Robert"]
[Black "Pilgram, Kurt"]
[Result "0-1"]
[WhiteElo "800"]
[BlackElo "1816"]
[PlyCount "50"]
[EventDate "2012.12.16"]
[EventType "tourn (corr)"]
[EventRounds "4"]
[EventCountry "GER"]
[SourceTitle "Telechess CBM 159"]
[Source "ChessBase"]
[SourceDate "2014.03.17"]
[SourceVersion "1"]
[SourceVersionDate "2014.03.17"]
[SourceQuality "1"]

1. e4 c5 2. Nc3 d6 3. Nf3 a6 4. d3 e5 5. Be2 Nf6 6. 0-0 Be7 7. Be3 Nc6 8. Qd2 0-0 9. d4 exd4 10. Bf4 dxc3 11. Qxc3 Nxe4 12. Qe3 d5 13. Rad1 g5 14. Bxg5 Bxg5 15. Qd3 Bf6 16. Qe3 Bxb2 17. Qh6 Bg7 18. a4 Bxh6 19. c4 Nc3 20. cxd5 Nxe2+ 21. Kh1 Nb4 22. d6 Nc3 23. Rc1 Bxc1 24. Rxc1 Nbd5 25. d7 Bxd7 0-1

[Event "OP-2012-0-02549"]
[Site "LSS email"]
[Date "2012.12.19"]
[Round "?"]
[White "Harris, Robert"]
[Black "Sandocal, Uzmir"]
[Result "0-1"]
[WhiteElo "800"]
[BlackElo "1402"]
[PlyCount "32"]
[EventDate "2012.12.16"]
[EventType "tourn (corr)"]
[EventRounds "4"]
[EventCountry "GER"]
[SourceTitle "Corr 2015"]
[Source "ChessBase"]
[SourceDate "2015.07.17"]
[SourceVersion "1"]
[SourceVersionDate "2015.07.17"]
[SourceQuality "1"]

1. e4 e5 2. f4 exf4 3. Nf3 g5 4. d4 g4 5. Ne5 Qh4+ 6. g3 fxg3 7. Nf3 gxf3 8. Qxf3 g2+ 9. Qf2 Qxf2+ 10. Kxf2 gxh1Q 11. Nd2 Qxh2+ 12. Bg2 Nh6 13. Nf3 Ng4+ 14. Ke1 Qxg2 15. Bf4 Qf2+ 16. Kd1 Qxf3+ 0-1

[Event "FICGS class D 000028 email"]
[Site "FICGS email"]
[Date "2007.01.27"]
[Round "1"]
[White "Harris, Robert"]
[Black "Faust, Dieter"]
[Result "0-1"]
[WhiteElo "1400"]
[BlackElo "1400"]
[PlyCount "54"]
[EventDate "2007.??.??"]
[EventType "tourn (corr)"]
[EventRounds "6"]
[SourceTitle "Corr 2022"]
[Source "ChessBase"]
[SourceDate "2021.10.24"]
[SourceVersion "1"]
[SourceVersionDate "2021.10.24"]
[SourceQuality "1"]

1. c4 Nf6 2. Nc3 e6 3. e4 c5 4. e5 Ng8 5. Nf3 Nc6 6. d4 cxd4 7. Nxd4 Nxe5 8. Ndb5 a6 9. Nd6+ Bxd6 10. Qxd6 f6 11. Be3 Ne7 12. Bb6 Nf5 13. Qc5 d6 14. Qa5 Qd7 15. f4 Nc6 16. Qa3 Nce7 17. 0-0-0 Qc6 18. c5 d5 19. Nb5 axb5 20. Qxa8 Ne3 21. Rd2 0-0 22. Bd3 d4 23. Qa5 Bd7 24. Re1 e5 25. fxe5 fxe5 26. Rxe3 dxe3 27. Re2 Nd5 0-1

[Event "FICGS class D 000028 email"]
[Site "FICGS email"]
[Date "2007.01.27"]
[Round "1"]
[White "Wilson, Norman"]
[Black "Harris, Robert"]
[Result "0-1"]
[WhiteElo "1685"]
[BlackElo "1400"]
[PlyCount "64"]
[EventDate "2007.??.??"]
[EventType "tourn (corr)"]
[EventRounds "6"]
[SourceTitle "Corr 2022"]
[Source "ChessBase"]
[SourceDate "2021.10.24"]
[SourceVersion "1"]
[SourceVersionDate "2021.10.24"]
[SourceQuality "1"]

1. e4 c5 2. Nf3 Nc6 3. d4 cxd4 4. Nxd4 Qb6 5. Nb3 Nf6 6. Nc3 e6 7. Be3 Qc7 8. a3 Be7 9. Be2 0-0 10. 0-0 d6 11. Qd2 a6 12. f3 b5 13. Rfd1 Bb7 14. Bg5 Rfd8 15. Bxf6 Bxf6 16. h3 Rac8 17. Bd3 Ne7 18. Qe2 d5 19. Qe1 Bxc3 20. bxc3 Qxc3 21. Qxc3 Rxc3 22. Kf2 Ng6 23. Na5 Ba8 24. exd5 Bxd5 25. Bxg6 hxg6 26. Rdc1 Rdc8 27. a4 Rxc2+ 28. Rxc2 Rxc2+ 29. Kg1 b4 30. Kf1 b3 31. Rb1 b2 32. g3 Rc1+ 0-1

[Event "FICGS rapid C 000020 email"]
[Site "FICGS email"]
[Date "2007.01.26"]
[Round "1"]
[White "Grammenos, Nikos"]
[Black "Harris, Robert"]
[Result "0-1"]
[WhiteElo "1400"]
[BlackElo "1400"]
[PlyCount "64"]
[EventDate "2007.??.??"]
[EventType "tourn (rapid)"]
[EventRounds "4"]
[SourceTitle "Corr 2022"]
[Source "ChessBase"]
[SourceDate "2021.10.24"]
[SourceVersion "1"]
[SourceVersionDate "2021.10.24"]
[SourceQuality "1"]

1. e4 c5 2. Nf3 Nc6 3. d4 cxd4 4. Nxd4 Qb6 5. Nxc6 bxc6 6. Nc3 d6 7. Bd3 Nf6 8. Be3 Qxb2 9. Bd2 Qb6 10. 0-0 e5 11. Rb1 Qc7 12. Qe2 Be7 13. a4 0-0 14. Nd1 Be6 15. Ba6 Rab8 16. Rxb8 Rxb8 17. Nc3 Nd7 18. Be3 Qa5 19. Ra1 Qxc3 20. h3 Qxa1+ 21. Kh2 Qxa4 22. Bd3 d5 23. exd5 cxd5 24. f3 e4 25. fxe4 dxe4 26. Ba6 Bd6+ 27. g3 Rb2 28. Kg1 Rxc2 29. Qf1 Qa3 30. Bf4 Bxf4 31. Qxf4 Qxa6 32. Qxe4 Qa1+ 0-1

[Event "FICGS rapid C 000020 email"]
[Site "FICGS email"]
[Date "2007.01.26"]
[Round "1"]
[White "Harris, Robert"]
[Black "Marin, John"]
[Result "1-0"]
[WhiteElo "1400"]
[BlackElo "800"]
[PlyCount "55"]
[EventDate "2007.??.??"]
[EventType "tourn (rapid)"]
[EventRounds "4"]
[SourceTitle "Corr 2022"]
[Source "ChessBase"]
[SourceDate "2021.10.24"]
[SourceVersion "1"]
[SourceVersionDate "2021.10.24"]
[SourceQuality "1"]

1. c4 e5 2. Nc3 Nc6 3. g3 Nf6 4. Bg2 Bc5 5. a3 d6 6. e3 0-0 7. Nge2 Bb6 8. 0-0 Bg4 9. h3 Bd7 10. d4 a5 11. b3 Qc8 12. g4 h5 13. g5 Nh7 14. h4 Bh3 15. dxe5 dxe5 16. Ng3 Ne7 17. Qf3 c6 18. Qe4 Ng6 19. Bb2 Qg4 20. Qxg4 Bxg4 21. Nce4 Nxh4 22. c5 Bc7 23. f3 Be6 24. Nxh5 Rad8 25. b4 Rd3 26. Bh1 Rxe3 27. Nd6 Nxg5 28. Kf2 1-0

[Event "FICGS rapid C 000020 email"]
[Site "FICGS email"]
[Date "2007.01.26"]
[Round "1"]
[White "Sert, Ferdi"]
[Black "Harris, Robert"]
[Result "0-1"]
[WhiteElo "1397"]
[BlackElo "1400"]
[PlyCount "52"]
[EventDate "2007.??.??"]
[EventType "tourn (rapid)"]
[EventRounds "4"]
[SourceTitle "Corr 2022"]
[Source "ChessBase"]
[SourceDate "2021.10.24"]
[SourceVersion "1"]
[SourceVersionDate "2021.10.24"]
[SourceQuality "1"]

1. d4 Nf6 2. c4 e6 3. Nc3 Bb4 4. Qc2 0-0 5. Bg5 c5 6. dxc5 Na6 7. a3 Bxc3+ 8. Qxc3 Nxc5 9. Bxf6 Qxf6 10. Qxf6 gxf6 11. 0-0-0 b6 12. b4 Ne4 13. Nh3 a5 14. Kb2 axb4 15. axb4 Bb7 16. f3 Ra2+ 17. Kxa2 Nc3+ 18. Kb3 Nxd1 19. e4 Ne3 20. Nf4 f5 21. exf5 d5 22. fxe6 fxe6 23. Nxe6 dxc4+ 24. Bxc4 b5 25. Nxf8+ bxc4+ 26. Kc3 Kxf8 0-1

[Event "FICGS rapid B 000033 email"]
[Site "FICGS email"]
[Date "2007.01.25"]
[Round "1"]
[White "Minkin, Alexander"]
[Black "Harris, Robert"]
[Result "1-0"]
[WhiteElo "1700"]
[BlackElo "1400"]
[PlyCount "99"]
[EventDate "2007.??.??"]
[EventType "tourn (rapid)"]
[EventRounds "6"]
[SourceTitle "Corr 2022"]
[Source "ChessBase"]
[SourceDate "2021.10.24"]
[SourceVersion "1"]
[SourceVersionDate "2021.10.24"]
[SourceQuality "1"]

1. d4 d5 2. c4 e6 3. Nc3 Nf6 4. cxd5 exd5 5. Bg5 c6 6. e3 Be7 7. Bd3 0-0 8. Qc2 Nbd7 9. Nge2 Re8 10. 0-0 Nf8 11. f3 Ng6 12. Rad1 Nh5 13. Bxe7 Qxe7 14. e4 Qg5 15. exd5 cxd5 16. Qd2 Qxd2 17. Rxd2 Nf6 18. Bxg6 hxg6 19. Nf4 Rd8 20. g4 g5 21. Nh3 Nh7 22. Re1 Be6 23. Re5 Rac8 24. Kf2 Rc4 25. Nxg5 Nxg5 26. Rxg5 f6 27. Rh5 g6 28. Rh3 Kg7 29. Rg3 Rh8 30. Kg1 g5 31. Rgg2 a6 32. Rge2 Kf7 33. Kg2 Rhc8 34. Kg3 b5 35. f4 Rxc3+ 36. bxc3 Rxc3+ 37. Kf2 Bxg4 38. Re3 Rxe3 39. Kxe3 Bf5 40. a3 Ke7 41. Rg2 g4 42. Re2 Kd6 43. Kd2 Kd7 44. Re3 Be6 45. Kc3 a5 46. Kd2 Kd6 47. Rc3 Bd7 48. Ke3 Be6 49. Rc5 Bd7 50. f5 1-0

[Event "FICGS class D 000027 email"]
[Site "FICGS email"]
[Date "2007.01.21"]
[Round "1"]
[White "Cooke, Tristrom"]
[Black "Harris, Robert"]
[Result "1-0"]
[WhiteElo "1600"]
[BlackElo "1400"]
[PlyCount "39"]
[EventDate "2007.??.??"]
[EventType "tourn (corr)"]
[EventRounds "6"]
[SourceTitle "Corr 2022"]
[Source "ChessBase"]
[SourceDate "2021.10.24"]
[SourceVersion "1"]
[SourceVersionDate "2021.10.24"]
[SourceQuality "1"]

1. e4 e5 2. Nf3 Nc6 3. Bc4 Nf6 4. d4 exd4 5. Ng5 d5 6. exd5 Qe7+ 7. Kf1 Ne5 8. Qxd4 Nxc4 9. Qxc4 Qc5 10. Qxc5 Bxc5 11. Nc3 0-0 12. Bf4 Bb6 13. Nge4 Nh5 14. Be3 Bxe3 15. fxe3 Bg4 16. Kf2 Rad8 17. h3 Bf5 18. Rhd1 Rfe8 19. Rd4 Re5 20. Rad1 1-0

[Event "FICGS class D 000027 email"]
[Site "FICGS email"]
[Date "2007.01.21"]
[Round "1"]
[White "Harris, Robert"]
[Black "Nent, Alexander"]
[Result "0-1"]
[WhiteElo "1400"]
[BlackElo "1400"]
[PlyCount "62"]
[EventDate "2007.??.??"]
[EventType "tourn (corr)"]
[EventRounds "6"]
[SourceTitle "Corr 2022"]
[Source "ChessBase"]
[SourceDate "2021.10.24"]
[SourceVersion "1"]
[SourceVersionDate "2021.10.24"]
[SourceQuality "1"]

1. e4 e6 2. d4 d5 3. Nc3 Bb4 4. exd5 exd5 5. Bd3 Nc6 6. Nge2 Nge7 7. 0-0 Bf5 8. a3 Bd6 9. Re1 0-0 10. h3 Re8 11. Nxd5 Bxd3 12. Nxe7+ Rxe7 13. cxd3 Qd7 14. Be3 Qf5 15. Nc3 Rae8 16. Ne4 Qb5 17. b4 Qd5 18. Qg4 Kh8 19. Rec1 f5 20. Qh5 a6 21. Nxd6 cxd6 22. Qh4 Re6 23. Qf4 Kg8 24. Rab1 g5 25. Qf3 Qxf3 26. gxf3 d5 27. Kg2 f4 28. Bd2 Nxd4 29. Rc7 Re2 30. Rb2 R2e7 31. Rxe7 Rxe7 0-1

[Event "FICGS class D 000027 email"]
[Site "FICGS email"]
[Date "2007.01.21"]
[Round "1"]
[White "Miranda, Marcus"]
[Black "Harris, Robert"]
[Result "1/2-1/2"]
[WhiteElo "1481"]
[BlackElo "1400"]
[PlyCount "64"]
[EventDate "2007.??.??"]
[EventType "tourn (corr)"]
[EventRounds "6"]
[SourceTitle "Corr 2022"]
[Source "ChessBase"]
[SourceDate "2021.10.24"]
[SourceVersion "1"]
[SourceVersionDate "2021.10.24"]
[SourceQuality "1"]

1. e4 e5 2. Nf3 Nc6 3. Bb5 Nf6 4. 0-0 Bc5 5. c3 0-0 6. d4 Bb6 7. Bg5 h6 8. Bh4 d6 9. Qd3 Qe7 10. Nbd2 Nb8 11. Nc4 c6 12. dxe5 dxe5 13. Nxb6 axb6 14. Bc4 Rd8 15. Qe3 b5 16. Bb3 Be6 17. Bxe6 Qxe6 18. h3 Nbd7 19. Rfd1 Nf8 20. Rxd8 Rxd8 21. a4 bxa4 22. Rxa4 Ng6 23. Bxf6 Qxf6 24. g3 Qd6 25. Qe2 b5 26. Ra7 f6 27. Kg2 Ne7 28. Nh4 Rd7 29. Ra8+ Rd8 30. Rxd8+ Qxd8 31. Nf3 Kf7 32. Ne1 Qd6 1/2-1/2

[Event "FICGS class E 000030 email"]
[Site "FICGS email"]
[Date "2007.01.19"]
[Round "1"]
[White "Harris, Robert"]
[Black "Durnez, Quentin"]
[Result "1-0"]
[WhiteElo "1400"]
[BlackElo "1408"]
[PlyCount "85"]
[EventDate "2007.??.??"]
[EventType "tourn (corr)"]
[EventRounds "5"]
[SourceTitle "Corr 2022"]
[Source "ChessBase"]
[SourceDate "2021.10.24"]
[SourceVersion "1"]
[SourceVersionDate "2021.10.24"]
[SourceQuality "1"]

1. c4 e5 2. Nc3 Bc5 3. g3 Qf6 4. Nf3 Ne7 5. Bg2 Nbc6 6. Ne4 Qe6 7. Nxc5 Qxc4 8. Nb3 d5 9. 0-0 h6 10. d3 Qg4 11. Bd2 Bf5 12. Nc5 b6 13. Na6 Rc8 14. h3 Qg6 15. Nh4 Qe6 16. Nxf5 Nxf5 17. Nb4 Nxb4 18. Bxb4 c5 19. Qa4+ Qd7 20. Qxd7+ Kxd7 21. Bd2 d4 22. Rfc1 g5 23. Rc2 Nd6 24. Rac1 f5 25. b4 cxb4 26. Bxb4 Rxc2 27. Rxc2 Rc8 28. Rxc8 Nxc8 29. Bf8 h5 30. h4 g4 31. f3 b5 32. fxg4 fxg4 33. Be4 Nd6 34. Bg6 a5 35. Bxh5 a4 36. Bxg4+ Kc6 37. h5 b4 38. Be6 e4 39. Bxd6 Kxd6 40. h6 exd3 41. exd3 Kxe6 42. h7 b3 43. axb3 1-0

[Event "FICGS class E 000030 email"]
[Site "FICGS email"]
[Date "2007.01.19"]
[Round "1"]
[White "Harris, Robert"]
[Black "Kis Kos, Laszlo"]
[Result "1-0"]
[WhiteElo "1400"]
[BlackElo "1265"]
[PlyCount "45"]
[EventDate "2007.??.??"]
[EventType "tourn (corr)"]
[EventRounds "5"]
[SourceTitle "Corr 2022"]
[Source "ChessBase"]
[SourceDate "2021.10.24"]
[SourceVersion "1"]
[SourceVersionDate "2021.10.24"]
[SourceQuality "1"]

1. c4 Nf6 2. Nc3 g6 3. g3 d5 4. cxd5 Nxd5 5. Bg2 Nxc3 6. bxc3 Bg7 7. Rb1 c6 8. Nf3 0-0 9. 0-0 Nd7 10. c4 Nb6 11. d3 Bd7 12. c5 Nd5 13. Rxb7 Qc8 14. Rb3 Bh3 15. Bb2 Bxg2 16. Kxg2 Rd8 17. Bxg7 Kxg7 18. Qc2 Rb8 19. Rfb1 Rxb3 20. Rxb3 Qg4 21. e3 f5 22. Qb2+ Kf7 23. Ne5+ 1-0

[Event "FICGS class E 000030 email"]
[Site "FICGS email"]
[Date "2007.01.19"]
[Round "1"]
[White "Menzies, Colin"]
[Black "Harris, Robert"]
[Result "0-1"]
[WhiteElo "1567"]
[BlackElo "1400"]
[PlyCount "32"]
[EventDate "2007.??.??"]
[EventType "tourn (corr)"]
[EventRounds "5"]
[SourceTitle "Corr 2022"]
[Source "ChessBase"]
[SourceDate "2021.10.24"]
[SourceVersion "1"]
[SourceVersionDate "2021.10.24"]
[SourceQuality "1"]

1. c4 Nf6 2. Nc3 e6 3. d3 d5 4. cxd5 exd5 5. Bg5 Be7 6. e4 dxe4 7. Bxf6 Bxf6 8. Qa4+ Nc6 9. Qxe4+ Be6 10. 0-0-0 0-0 11. Nf3 Bxc3 12. bxc3 Bxa2 13. Be2 Re8 14. Qf5 Rxe2 15. Ng5 g6 16. Qg4 Qe7 0-1

[Event "FICGS class E 000030 email"]
[Site "FICGS email"]
[Date "2007.01.19"]
[Round "1"]
[White "Pipac, Darko"]
[Black "Harris, Robert"]
[Result "0-1"]
[WhiteElo "1400"]
[BlackElo "1400"]
[PlyCount "52"]
[EventDate "2007.??.??"]
[EventType "tourn (corr)"]
[EventRounds "5"]
[SourceTitle "Corr 2022"]
[Source "ChessBase"]
[SourceDate "2021.10.24"]
[SourceVersion "1"]
[SourceVersionDate "2021.10.24"]
[SourceQuality "1"]

1. e4 c5 2. Nf3 Nc6 3. d4 cxd4 4. Bb5 Qa5+ 5. c3 Qxb5 6. Nxd4 Nxd4 7. Qxd4 e5 8. Qd5 Qxd5 9. exd5 Nf6 10. c4 b5 11. Bg5 Ne4 12. f4 Nxg5 13. fxg5 bxc4 14. 0-0 Rb8 15. Rf2 Bc5 16. Nc3 Rxb2 17. Ne4 Bd4 18. Raf1 Ba6 19. Nd6+ Kf8 20. Nxf7 Rxf2 21. Nxh8 Rxf1+ 22. Kxf1 c3+ 23. Ke1 Be3 24. Kd1 Bd3 25. g6 c2+ 26. Ke1 c1Q# 0-1

[Event "IECC CL8-2003.17 email"]
[Site "IECC email"]
[Date "2003.08.14"]
[Round "?"]
[White "Harris, Robert"]
[Black "Lightfoot, Stuart"]
[Result "1-0"]
[WhiteElo "1054"]
[BlackElo "1000"]
[PlyCount "41"]
[EventDate "2003.??.??"]
[EventType "tourn (corr)"]
[EventRounds "4"]
[SourceTitle "Corr 2008"]
[Source "ChessBase"]
[SourceDate "2008.06.24"]
[SourceVersion "1"]
[SourceVersionDate "2008.06.24"]
[SourceQuality "1"]

1. e4 c5 2. Nc3 d6 3. g3 Nf6 4. Bg2 e6 5. d3 Nc6 6. f4 g6 7. Nf3 Bg7 8. 0-0 Bd7 9. e5 d5 10. exf6 Bxf6 11. Re1 d4 12. Ne4 Be7 13. Ne5 f5 14. Nxd7 b6 15. Ne5 Nxe5 16. fxe5 fxe4 17. Bxe4 Rc8 18. Qg4 Qd7 19. Bg5 0-0 20. Bh6 Rf7 21. Bxg6 1-0